000 01059pab a2200169 454500
008 180718b2004 xxu||||| |||| 00| 0 eng d
100 _aUbillos, Javier Bilbao
245 _aPrivatisation in Spain
260 _c2004
300 _ap.1928-936.
362 _a8 May
520 _aPrivatisation differs according to the formula used, the assets that are transferred, the restrictions which are set up for buyers or the resulting potential for change in the regulatory framework where the privatised firm is to operate. Therefore, an interpretation of economic policy regarding privatisation should examine the details of the defined. In this article, the case of Spain is used to show the various economic policy objectives (consolidating the productive system, reducing the public sector's financial requirements, or directly rebalancing the private and public sectors) that guide decisions concerning privatisation. - Reproduced.
650 _aPrivatization - Spain
650 _aPrivatization
773 _aEconomic and Political Weekly
909 _a60424
999 _c60424
_d60424